[Event "Mundial Juvenil femenino 2005 s12"]
[Site "Belfort FRA"]
[Date "2005.07.23"]
[Round "5.6"]
[White "Capelo, Paola"]
[Black "Langnerova, Karolina"]
[Result "1-0"]
[WhiteElo "1599"]
[BlackElo "1599"]
[PlyCount "81"]
[EventDate "2005.07.19"]
[EventType "swiss"]
[EventRounds "11"]
[EventCountry "FRA"]
[Source "lmi"]
[SourceDate "2005.07.31"]

1. e4 c5 2. Nc3 Nc6 3. f4 g6 4. Nf3 Bg7 5. g3 e6 6. Bg2 Nge7 7. O-O O-O 8. d3
d5 9. e5 f6 10. exf6 Bxf6 11. Kh1 Bd7 12. Re1 Nf5 13. Bd2 Nfd4 14. Rb1 Re8 15.
Ne2 Rc8 16. Be3 Nxe2 17. Rxe2 d4 18. Bf2 b6 19. Qe1 Nb4 20. a3 Nd5 21. Ne5 Re7
22. Ng4 Bg7 23. Bxd5 exd5 24. Rxe7 Bxg4 25. Kg2 a5 26. h3 Bd7 27. Re2 Qf6 28.
Re7 Bc6 29. Re6 Qf7 30. Re2 Qf6 31. Qd2 Qf7 32. Rbe1 Bd7 33. g4 Qf6 34. Re7 Bc6
35. R1e6 Qf8 36. Qe2 Qxf4 37. Bg3 Qf8 38. Rxc6 Rd8 39. Rcc7 Bh6 40. Qe6+ Kh8
41. Rxh7# 1-0

[Event "Mundial Juvenil femenino 2005 s12"]
[Site "Belfort FRA"]
[Date "2005.07.23"]
[Round "5.7"]
[White "Chen, Yidi"]
[Black "Stetsko, Lanita"]
[Result "1-0"]
[WhiteElo "1599"]
[BlackElo "1599"]
[PlyCount "129"]
[EventDate "2005.07.19"]
[EventType "swiss"]
[EventRounds "11"]
[EventCountry "FRA"]
[Source "lmi"]
[SourceDate "2005.07.31"]

1. e4 d6 2. d4 Nf6 3. Nc3 g6 4. Be3 c6 5. f3 Bg7 6. Qd2 b5 7. Bh6 Bxh6 8. Qxh6
b4 9. Nd1 Nbd7 10. Bd3 e5 11. dxe5 Nxe5 12. Be2 Qe7 13. Ne3 Bb7 14. O-O-O O-O-O
15. Nc4 d5 16. Qh3+ Kc7 17. exd5 Nxd5 18. Qg3 Rhe8 19. Nh3 Kc8 20. Rhe1 Nxc4
21. Bxc4 Qc5 22. Rxe8 Rxe8 23. Bxd5 cxd5 24. Qg4+ f5 25. Qd4 Qc4 26. Nf4 Qxa2
27. Qxb4 d4 28. Qc5+ Kb8 29. Qxd4 Qa1+ 30. Kd2 Qa5+ 31. Qc3 Rd8+ 32. Nd3 Qb6
33. Kc1 Rc8 34. Qb4 Qe3+ 35. Kb1 Qe2 36. Qd2 Qe6 37. Nf4 Qc4 38. Ne2 Bd5 39.
Qf4+ Kb7 40. Qxc4 Bxc4 41. Nf4 Re8 42. b3 Bb5 43. Rd5 Bc6 44. Rd6 Kc7 45. Re6
Rh8 46. Re7+ Kb6 47. h4 a6 48. Nd3 h6 49. Rg7 g5 50. hxg5 hxg5 51. Rxg5 Bd7 52.
Ne5 Be6 53. Rg6 Re8 54. Nd3 Kc7 55. Nc5 Bc8 56. Nxa6+ Kd7 57. Nc5+ Ke7 58. Nd3
Kf7 59. Rc6 Be6 60. Nf4 Bd7 61. Rc7 Re7 62. Kb2 Ke8 63. Rc5 Kf7 64. b4 Ba4 65.
Rxf5+ 1-0

[Event "Mundial Juvenil femenino 2005 s12"]
[Site "Belfort FRA"]
[Date "2005.07.23"]
[Round "5.8"]
[White "Collado Barbas, Laura"]
[Black "Vempati, Gayatri"]
[Result "0-1"]
[WhiteElo "1599"]
[BlackElo "1599"]
[PlyCount "54"]
[EventDate "2005.07.19"]
[EventType "swiss"]
[EventRounds "11"]
[EventCountry "FRA"]
[Source "lmi"]
[SourceDate "2005.07.31"]

1. d4 d5 2. c4 Nc6 3. Nc3 dxc4 4. e3 Nf6 5. Bxc4 e5 6. d5 Na5 7. Qa4+ c6 8.
dxc6 Nxc6 9. Nf3 Bd6 10. O-O O-O 11. h3 e4 12. Nd2 Bf5 13. Qb5 Qc8 14. Rd1 a6
15. Qb3 Na5 16. Qc2 Nxc4 17. Nxc4 Qxc4 18. Rxd6 Rac8 19. Rd4 Qe6 20. Qe2 Rc5
21. Bd2 Bxh3 22. f3 Rg5 23. g4 exf3 24. Qxf3 Bxg4 25. Qf4 Rg6 26. Rd6 Bh3+ 27.
Kf2 Ng4+ 0-1

[Event "Mundial Juvenil femenino 2005 s12"]
[Site "Belfort FRA"]
[Date "2005.07.23"]
[Round "5.9"]
[White "Dines, Sheila"]
[Black "Vo, Thi Kim Phung"]
[Result "0-1"]
[WhiteElo "1599"]
[BlackElo "1599"]
[PlyCount "144"]
[EventDate "2005.07.19"]
[EventType "swiss"]
[EventRounds "11"]
[EventCountry "FRA"]
[Source "lmi"]
[SourceDate "2005.07.31"]

1. e4 e5 2. Nf3 Nc6 3. d4 exd4 4. Nxd4 Bc5 5. Nb3 Bb6 6. a4 a6 7. Nc3 d6 8. Nd5
Ba7 9. Qf3 Ne5 10. Qg3 Ng4 11. Qf3 Kf8 12. Be3 Bxe3 13. Nxe3 Qf6 14. Qxf6 N8xf6
15. Nxg4 Bxg4 16. f3 Be6 17. Nd4 c5 18. Nxe6+ fxe6 19. O-O-O Ke7 20. Bd3 Rab8
21. Rhe1 Nd7 22. c4 Ne5 23. Be2 Rhf8 24. Kd2 Nc6 25. h3 Nd4 26. Kc3 e5 27. Bd3
Rbc8 28. Rf1 g5 29. h4 h6 30. Rh1 Rh8 31. Rh3 Rcg8 32. hxg5 hxg5 33. Rdh1 Rxh3
34. Rxh3 Rg7 35. Kd2 Kd7 36. Kc3 Ne6 37. Rh2 g4 38. Rh4 gxf3 39. gxf3 Rg3 40.
Be2 Nd4 41. Bd1 Nxf3 42. Bxf3 Rxf3+ 43. Kc2 Kc6 44. b3 b5 45. cxb5+ axb5 46. a5
Rf2+ 47. Kb1 Kb7 48. Rh3 b4 49. Kc1 Rf6 50. Rh8 Rf1+ 51. Kd2 Rf2+ 52. Kd3 Ra2
53. Rd8 Kc7 54. Ra8 Kc6 55. Rc8+ Kb5 56. Rb8+ Ka6 57. Ra8+ Kb7 58. Rd8 Ka6 59.
Ra8+ Kb5 60. Rb8+ Kc6 61. Ra8 Rb2 62. Kc4 Rc2+ 63. Kd3 Rc3+ 64. Kd2 Rxb3 65.
Ra6+ Kb5 66. Rxd6 Kxa5 67. Rd5 Kb5 68. Rxe5 Kc4 69. Re8 Rd3+ 70. Kc2 b3+ 71.
Kb1 Kc3 72. Rc8 Rd1# 0-1

[Event "Mundial Juvenil femenino 2005 s12"]
[Site "Belfort FRA"]
[Date "2005.07.23"]
[Round "5.11"]
[White "Hakimifard, Ghazal"]
[Black "Haast, Anne"]
[Result "0-1"]
[WhiteElo "1599"]
[BlackElo "1599"]
[PlyCount "150"]
[EventDate "2005.07.19"]
[EventType "swiss"]
[EventRounds "11"]
[EventCountry "FRA"]
[Source "lmi"]
[SourceDate "2005.07.31"]

1. e4 e5 2. Nf3 Nc6 3. d4 exd4 4. Nxd4 Bc5 5. Nxc6 bxc6 6. Nc3 Qf6 7. Qd2 Ne7
8. Bd3 O-O 9. O-O d6 10. Qg5 Qxg5 11. Bxg5 Ng6 12. Kh1 Rb8 13. Rab1 h6 14. Bd2
Ne5 15. Be2 Ng4 16. Nd1 Re8 17. f3 Nf6 18. Bc3 Be6 19. a3 Bxa3 20. Ba5 Re7 21.
b4 c5 22. b5 c6 23. Nc3 Bb4 24. Bxb4 cxb4 25. Rxb4 d5 26. Rfb1 c5 27. Ra4 d4
28. Nd1 Rbb7 29. Nf2 Nd7 30. f4 Nb6 31. Raa1 g6 32. Bg4 h5 33. Bxe6 Rxe6 34.
Nd3 Nd7 35. e5 Reb6 36. h3 a6 37. g4 hxg4 38. hxg4 axb5 39. Ra5 Kf8 40. Nf2 f5
41. Kg2 Ke7 42. Rh1 Nf8 43. Nd3 c4 44. Nb4 Ke6 45. Rb1 fxg4 46. Na6 Kf5 47. Nb4
Ne6 48. Kg3 Nxf4 49. Rf1 g5 50. Nd5 Re6 51. Nxf4 gxf4+ 52. Rxf4+ Kxe5 53. Rxg4
Kd5 54. Rg5+ Re5 55. Rxe5+ Kxe5 56. Kf3 Kd5 57. Ke2 Re7+ 58. Kd2 Kc5 59. Ra8
c3+ 60. Kd1 Re4 61. Rh8 Rg4 62. Ke2 Rg2+ 63. Kd1 Rd2+ 64. Kc1 Kb4 65. Ra8 Rh2
66. Kd1 Rh1+ 67. Ke2 Rc1 68. Kd3 Rd1+ 69. Ke4 Rd2 70. Ra2 Kc4 71. Kf3 d3 72.
cxd3+ Kxd3 73. Ra3 b4 74. Rb3 Rb2 75. Rxb2 cxb2 0-1

[Event "Mundial Juvenil femenino 2005 s12"]
[Site "Belfort FRA"]
[Date "2005.07.23"]
[Round "5.12"]
[White "Petrova, Olga"]
[Black "Bulmaga, Irina"]
[Result "1/2-1/2"]
[WhiteElo "1599"]
[BlackElo "2074"]
[PlyCount "222"]
[EventDate "2005.07.19"]
[EventType "swiss"]
[EventRounds "11"]
[EventCountry "FRA"]
[Source "lmi"]
[SourceDate "2005.07.31"]

1. e4 c5 2. Nf3 e6 3. d4 cxd4 4. Nxd4 a6 5. Nc3 Qc7 6. Be3 Nf6 7. Bd3 d6 8. O-O
Nbd7 9. f4 b5 10. a3 Bb7 11. Qf3 Nc5 12. Kh1 Be7 13. Rae1 O-O 14. Bd2 Rfe8 15.
Qh3 e5 16. Nf5 Bf8 17. fxe5 dxe5 18. Rf3 Nxd3 19. cxd3 Bc8 20. Qg3 Kh8 21. Bg5
Qc6 22. Qh4 Ng8 23. Nd5 Bxf5 24. Rxf5 f6 25. Be3 Ne7 26. Rh5 h6 27. Rc1 Qd6 28.
Bc5 Qc6 29. Nb4 Qe6 30. Qg3 Rac8 31. Qe3 Ng6 32. Bxf8 Nxf8 33. Nd5 Rxc1+ 34.
Qxc1 Rc8 35. Qd2 Qc6 36. Nc3 Ne6 37. g3 Ng5 38. Kg2 Qe8 39. Qe2 Qd7 40. Nd5 Qc6
41. Nc3 a5 42. h4 Ne6 43. Qf2 Kh7 44. Qe3 Nd4 45. Kh3 Qe8 46. g4 Ne6 47. Nd5
Qf8 48. Rf5 Nd4 49. Rf2 Ne6 50. Rf5 Qc5 51. Qd2 Qc2 52. Rf2 Qxd2 53. Rxd2 Nd4
54. Kg3 Rc1 55. Ne3 Rg1+ 56. Rg2 Ra1 57. Rd2 b4 58. axb4 axb4 59. Nd5 b3 60.
Ne3 Rc1 61. Nc4 Rg1+ 62. Kh3 Ne6 63. Ne3 Re1 64. Ng2 Rc1 65. Ne3 Nf4+ 66. Kh2
Ne6 67. Kh3 Nd4 68. Nc4 Kg8 69. Kg2 Rc2 70. Kf2 Kf8 71. Ke3 Rc1 72. Kf2 Ke7 73.
h5 Kd7 74. Nb6+ Kc6 75. Nc4 Kc5 76. Ne3 Rc2 77. Nc4 Rc1 78. Ne3 Ne6 79. Nc4 Ra1
80. Ne3 Rc1 81. Nc4 Rh1 82. Kg2 Ra1 83. Kf2 Kd4 84. Ne3 Rb1 85. Nf5+ Kc5 86.
Ne3 Nd4 87. Nc4 Kb4 88. Ne3 Rc1 89. Nc4 Nc2 90. Ke2 Rb1 91. Kf2 Ra1 92. Ke2 Kc5
93. Kf3 Kd4 94. Ke2 Kc5 95. Kf2 Rh1 96. Kg2 Rc1 97. Kf2 Kb4 98. Ke2 Rh1 99. Kf3
Nd4+ 100. Kg2 Re1 101. Kf2 Rc1 102. Kg2 Ne6 103. Kf2 Ra1 104. Ne3 Nf4 105. Nc4
Rh1 106. Ne3 Rh2+ 107. Ke1 Rh1+ 108. Kf2 Rh3 109. Nc4 Rh2+ 110. Kf1 Rxd2 111.
Nxd2 Nxd3 1/2-1/2

[Event "Mundial Juvenil femenino 2005 s12"]
[Site "Belfort FRA"]
[Date "2005.07.23"]
[Round "5.13"]
[White "Mammadbayova, Farida"]
[Black "Lakshmi, Sahiti P"]
[Result "0-1"]
[WhiteElo "1599"]
[BlackElo "1984"]
[PlyCount "61"]
[EventDate "2005.07.19"]
[EventType "swiss"]
[EventRounds "11"]
[EventCountry "FRA"]
[Source "lmi"]
[SourceDate "2005.07.31"]

1. e4 c5 2. Nf3 d6 3. d4 cxd4 4. Nxd4 Nf6 5. Nc3 a6 6. Be2 e5 7. Nb3 Be7 8. O-O
O-O 9. f3 b6 10. Qe1 Nc6 11. Bg5 Be6 12. Rd1 b5 13. Bxf6 Bxf6 14. Nd5 Bg5 15.
c4 bxc4 16. Bxc4 a5 17. a4 Nb4 18. Rf2 Rc8 19. Qe2 Bxd5 20. exd5 Qc7 21. Bd3
Qb6 22. Bf5 Rc7 23. Kh1 Nxd5 24. Rxd5 Qxb3 25. Rxa5 Rc1+ 26. Rf1 Qxb2 27. Bd3
g6 28. Rb5 Qd2 29. Be4 Rfc8 30. Rb1 Rxf1+ 31. Qxf1 0-1

[Event "Mundial Juvenil femenino 2005 s12"]
[Site "Belfort FRA"]
[Date "2005.07.23"]
[Round "5.14"]
[White "Adamowicz, Katarzyna"]
[Black "Mcgarity, Molly"]
[Result "1-0"]
[WhiteElo "1885"]
[BlackElo "1599"]
[PlyCount "55"]
[EventDate "2005.07.19"]
[EventType "swiss"]
[EventRounds "11"]
[EventCountry "FRA"]
[Source "lmi"]
[SourceDate "2005.07.31"]

1. e4 c5 2. Nf3 e6 3. d4 cxd4 4. Nxd4 a6 5. Nc3 Nc6 6. g3 Bc5 7. Nxc6 bxc6 8.
e5 Qb6 9. Qd2 Bd4 10. Na4 Qa7 11. Qf4 Ne7 12. c3 Bb6 13. Nxb6 Qxb6 14. Qd4 Qc7
15. Bg2 Bb7 16. O-O Rb8 17. Qc5 Bc8 18. Rd1 Rb5 19. Qd6 Qa5 20. b4 Qa4 21. Be4
h6 22. Be3 Nd5 23. Bxd5 cxd5 24. Bc5 Kd8 25. Bb6+ Rxb6 26. Qxb6+ Ke7 27. Qc5+
Ke8 28. Qxc8+ 1-0

[Event "Mundial Juvenil femenino 2005 s12"]
[Site "Belfort FRA"]
[Date "2005.07.23"]
[Round "5.15"]
[White "Mitra, Hejazipour"]
[Black "Baciu, Diana"]
[Result "1-0"]
[WhiteElo "1599"]
[BlackElo "1849"]
[PlyCount "47"]
[EventDate "2005.07.19"]
[EventType "swiss"]
[EventRounds "11"]
[EventCountry "FRA"]
[Source "lmi"]
[SourceDate "2005.07.31"]

1. e4 c5 2. Nf3 e6 3. c3 d5 4. exd5 Qxd5 5. d4 Nc6 6. Bb5 Bd7 7. O-O cxd4 8.
Bxc6 Bxc6 9. Qxd4 Qxd4 10. Nxd4 Bd5 11. Nb5 Kd7 12. Rd1 Kc6 13. a4 Nf6 14. Bf4
Nh5 15. Be3 Bc5 16. Bxc5 Kxc5 17. b4+ Kb6 18. c4 a6 19. a5+ Kc6 20. Nd4+ Kd6
21. cxd5 Kxd5 22. Nf3+ Ke4 23. Rd4+ Kf5 24. g4+ 1-0

[Event "Mundial Juvenil femenino 2005 s12"]
[Site "Belfort FRA"]
[Date "2005.07.23"]
[Round "5.16"]
[White "Ostrowska, Dominika"]
[Black "Pujari, Rucha"]
[Result "0-1"]
[WhiteElo "1599"]
[BlackElo "1833"]
[PlyCount "84"]
[EventDate "2005.07.19"]
[EventType "swiss"]
[EventRounds "11"]
[EventCountry "FRA"]
[Source "lmi"]
[SourceDate "2005.07.31"]

1. e4 e6 2. d4 c5 3. Nf3 cxd4 4. Nxd4 Qb6 5. Nb3 Nf6 6. Nc3 Bb4 7. Bd3 Bxc3+ 8.
bxc3 Nc6 9. Be3 Qc7 10. O-O d5 11. exd5 Nxd5 12. Bd2 Bd7 13. Rb1 Ne5 14. Be4
Nf6 15. Bd3 Neg4 16. f4 Qb6+ 17. Nd4 Qc5 18. Rxb7 O-O 19. Kh1 Qh5 20. Nf3 Bc6
21. Qe2 Bxb7 22. h3 Nh6 23. Kg1 Qc5+ 24. Be3 Qxc3 25. Bd4 Bxf3 26. Qe5 Qc6 27.
Rxf3 Nf5 28. Bxf5 exf5 29. Qxf5 Qe4 30. Qxe4 Nxe4 31. g4 Rfe8 32. Be5 f6 33.
Bd4 Nd2 34. Rd3 Nc4 35. g5 fxg5 36. Rg3 Rad8 37. Bc3 Nd2 38. Rg2 Ne4 39. Be5
Rd1+ 40. Kh2 Rd2 41. Rxd2 Nxd2 42. Kg2 Nc4 0-1

[Event "Mundial Juvenil femenino 2005 s12"]
[Site "Belfort FRA"]
[Date "2005.07.23"]
[Round "5.17"]
[White "De La Parra Hurtado, Daniela"]
[Black "Pereira, Amanda Marques"]
[Result "0-1"]
[WhiteElo "1599"]
[BlackElo "1599"]
[PlyCount "122"]
[EventDate "2005.07.19"]
[EventType "swiss"]
[EventRounds "11"]
[EventCountry "FRA"]
[Source "lmi"]
[SourceDate "2005.07.31"]

1. d4 c6 2. c4 d5 3. Nc3 Nf6 4. Nf3 g6 5. Bg5 Bg7 6. e3 O-O 7. Be2 e6 8. O-O
Nbd7 9. Qc2 dxc4 10. Bxc4 Nb6 11. Be2 Nbd5 12. Nxd5 exd5 13. Rfc1 Bf5 14. Bd3
Bxd3 15. Qxd3 Qb6 16. Ne5 Rad8 17. b3 Rd6 18. Rab1 Re8 19. h3 Nd7 20. Nxd7 Rxd7
21. b4 a6 22. a4 Ra8 23. b5 axb5 24. axb5 cxb5 25. Rxb5 Qd6 26. Bf4 Qe6 27. Qb3
Qf5 28. Rxb7 Rdd8 29. Rb1 Rdc8 30. Rb5 Rd8 31. Rc1 Bxd4 32. Rd1 Ra1 33. exd4
Rxd1+ 34. Qxd1 Qxf4 35. Rc5 Kg7 36. Qb3 Qxd4 37. Qc3 Qxc3 38. Rxc3 Kf6 39. Kf1
d4 40. Rd3 Ke5 41. f3 Rc8 42. Rd2 Rc3 43. Kf2 Re3 44. g3 Kd5 45. Rc2 Rc3 46.
Rb2 Kc4 47. Rd2 Kd5 48. Rb2 Rc7 49. Rd2 Rd7 50. Rd3 Kc4 51. Ke2 Re7+ 52. Kd2
Ra7 53. Ke2 Ra2+ 54. Rd2 d3+ 55. Ke3 Rxd2 56. Kxd2 Kd4 57. h4 Kc4 58. g4 Kd4
59. h5 g5 60. h6 f6 61. Kd1 Ke3 0-1

[Event "Mundial Juvenil femenino 2005 s12"]
[Site "Belfort FRA"]
[Date "2005.07.23"]
[Round "5.18"]
[White "Edes, Zsofia"]
[Black "Vilce, Andrea"]
[Result "0-1"]
[WhiteElo "1599"]
[BlackElo "1599"]
[PlyCount "60"]
[EventDate "2005.07.19"]
[EventType "swiss"]
[EventRounds "11"]
[EventCountry "FRA"]
[Source "lmi"]
[SourceDate "2005.07.31"]

1. e4 c5 2. c3 d5 3. exd5 Qxd5 4. d4 Nf6 5. Nf3 e6 6. Be2 Be7 7. Bf4 Nc6 8. Na3
Qd8 9. Nb5 Nd5 10. Bg3 a6 11. c4 axb5 12. cxd5 Qxd5 13. Bxb5 O-O 14. Bxc6 bxc6
15. a3 Ba6 16. Qd2 Rfd8 17. Rd1 cxd4 18. Qxd4 Qb5 19. Qe5 Rxd1+ 20. Kxd1 Rd8+
21. Kc2 Qa4+ 22. Kc1 Bd3 23. Qc3 Bb4 24. axb4 Qa1+ 25. Kd2 Qxh1 26. Bh4 f6 27.
Nd4 Bg6 28. Qc4 Bf7 29. Qxc6 Rxd4+ 30. Kc3 Qc1+ 0-1

[Event "Mundial Juvenil femenino 2005 s12"]
[Site "Belfort FRA"]
[Date "2005.07.23"]
[Round "5.19"]
[White "G.srisha, Gutta"]
[Black "Neuhauser, Salome"]
[Result "1/2-1/2"]
[WhiteElo "2092"]
[BlackElo "1599"]
[PlyCount "132"]
[EventDate "2005.07.19"]
[EventType "swiss"]
[EventRounds "11"]
[EventCountry "FRA"]
[Source "lmi"]
[SourceDate "2005.07.31"]

1. d4 Nf6 2. c4 c5 3. d5 b5 4. cxb5 a6 5. bxa6 Bxa6 6. Nc3 d6 7. Nf3 g6 8. e4
Bxf1 9. Kxf1 Bg7 10. g3 O-O 11. Kg2 Nbd7 12. Re1 Ng4 13. h3 Nge5 14. Nd2 Nd3
15. Re3 Nxc1 16. Qxc1 Ra6 17. Nb5 Qb6 18. Rb3 Qb8 19. Nc4 Nb6 20. Nxb6 Rxb6 21.
a4 Qb7 22. Qc4 Rb8 23. Rb1 Ra8 24. Ra3 Qa6 25. Qa2 Qa5 26. Qc4 Qb4 27. Qxb4
cxb4 28. Rb3 Rxa4 29. Nc3 Raa6 30. Nd1 Bd4 31. Rc1 Bc5 32. Ne3 Ra4 33. Rc4 Ra1
34. Kf3 Kg7 35. Ke2 Rh1 36. h4 Rh2 37. Rc1 h5 38. Ra1 f6 39. Ra7 Kf7 40. Rd3 f5
41. exf5 gxf5 42. Nd1 Rb8 43. Rf3 Bxa7 44. Rxf5+ Kg6 45. Rg5+ Kh6 46. Kf1 Rh1+
47. Ke2 Rc8 48. Kd2 b3 49. Nc3 Bxf2 50. Ke2 Bd4 51. Ne4 Rc2+ 52. Kf3 Rf1+ 53.
Nf2 Rfxf2+ 54. Ke4 Bf6 55. Rg8 Rxb2 56. Kd3 Rbc2 57. g4 Rc3+ 58. Ke4 Re2+ 59.
Kf4 Bxh4 60. gxh5 Rc4+ 61. Kf5 Rf2+ 62. Ke6 Rc7 63. Rg6+ Kxh5 64. Rg5+ Kh6 65.
Rg6+ Kh7 66. Rg7+ Kxg7 1/2-1/2

[Event "Mundial Juvenil femenino 2005 s12"]
[Site "Belfort FRA"]
[Date "2005.07.23"]
[Round "5.20"]
[White "Soylemez, Cansu"]
[Black "Lolici, Iselin"]
[Result "0-1"]
[WhiteElo "1599"]
[BlackElo "2049"]
[PlyCount "110"]
[EventDate "2005.07.19"]
[EventType "swiss"]
[EventRounds "11"]
[EventCountry "FRA"]
[Source "lmi"]
[SourceDate "2005.07.31"]

1. d4 Nf6 2. c4 g6 3. Nc3 Bg7 4. e4 d6 5. Nf3 O-O 6. Be2 Nbd7 7. e5 dxe5 8.
dxe5 Ng4 9. e6 fxe6 10. O-O Nge5 11. Ng5 Nb6 12. Qb3 c6 13. Rd1 Qc7 14. Be3 h6
15. Nge4 Nbd7 16. f4 Nf7 17. Bg4 Nf6 18. Nxf6+ exf6 19. Bc5 Re8 20. Ne2 b6 21.
Bf2 f5 22. Bf3 Kh7 23. Nd4 Bd7 24. Ne2 e5 25. fxe5 Nxe5 26. Bg3 Rad8 27. Rac1
c5 28. Bd5 Bc6 29. Nf4 Qb7 30. Qc2 Ng4 31. Ne6 Rd7 32. Qe2 Ree7 33. h3 Nf6 34.
Bxc6 Qxc6 35. Rxd7 Qxd7 36. Re1 Ne4 37. Nf4 Be5 38. Bh2 Bd4+ 39. Kf1 Ng3+ 40.
Bxg3 Rxe2 41. Rxe2 Qa4 42. Re7+ Kg8 43. Nxg6 Qxc4+ 44. Re2 Qc1+ 45. Re1 Qxb2
46. Ne7+ Kf7 47. Nxf5 Qb5+ 48. Re2 Qb1+ 49. Be1 Qxf5+ 50. Bf2 Qb1+ 51. Be1 Qb5
52. Bd2 Qb1+ 53. Re1 Qd3+ 54. Re2 Qf5+ 55. Ke1 Qb1+ 0-1

[Event "Mundial Juvenil femenino 2005 s12"]
[Site "Belfort FRA"]
[Date "2005.07.24"]
[Round "6.1"]
[White "Szabo, Noemi"]
[Black "Paikidze, Nazi"]
[Result "0-1"]
[WhiteElo "1939"]
[BlackElo "2083"]
[PlyCount "60"]
[EventDate "2005.07.19"]
[EventType "swiss"]
[EventRounds "11"]
[EventCountry "FRA"]
[Source "lmi"]
[SourceDate "2005.07.31"]

1. e4 c5 2. Nf3 d6 3. d4 cxd4 4. Nxd4 Nf6 5. Nc3 a6 6. Be3 e5 7. Nb3 Be6 8. f3
Nbd7 9. Qd2 Be7 10. O-O-O Rc8 11. g4 b5 12. Kb1 Nb6 13. g5 Nh5 14. Nd5 Bxd5 15.
exd5 Nc4 16. Bxc4 bxc4 17. Nc1 O-O 18. Ne2 Qc7 19. Nc3 Rb8 20. Ne4 Rfc8 21. Qc3
Rb5 22. Ng3 Nxg3 23. hxg3 Rcb8 24. b3 R8b7 25. Qd2 Qd7 26. g4 cxb3 27. cxb3
Rxb3+ 28. axb3 Rxb3+ 29. Kc2 Qa4 30. Ra1 Ra3+ 0-1

[Event "Mundial Juvenil femenino 2005 s12"]
[Site "Belfort FRA"]
[Date "2005.07.24"]
[Round "6.4"]
[White "Haast, Anne"]
[Black "Capelo, Paola"]
[Result "1-0"]
[WhiteElo "1599"]
[BlackElo "1599"]
[PlyCount "103"]
[EventDate "2005.07.19"]
[EventType "swiss"]
[EventRounds "11"]
[EventCountry "FRA"]
[Source "lmi"]
[SourceDate "2005.07.31"]

1. e4 e5 2. Nf3 Nc6 3. d4 exd4 4. Nxd4 Bc5 5. Be3 Qf6 6. c3 Nge7 7. Bc4 O-O 8.
O-O Bb6 9. f4 d6 10. Na3 Be6 11. Be2 Bd7 12. Qd2 Nxd4 13. cxd4 d5 14. e5 Qg6
15. Rf3 f6 16. Raf1 Qf7 17. f5 fxe5 18. f6 Qe6 19. fxe7 Rxf3 20. Bxf3 e4 21.
Bh5 Qxe7 22. Bf7+ Kh8 23. Bxd5 c6 24. Bb3 Rf8 25. Rxf8+ Qxf8 26. Qf2 Qb4 27.
Nc2 Qe7 28. Qf7 Qxf7 29. Bxf7 h6 30. Bg6 Be6 31. b3 Bd5 32. Na3 Bc7 33. Nc4 Kg8
34. Nd2 Ba5 35. Bxe4 Bxd2 36. Bxd5+ cxd5 37. Bxd2 Kf7 38. Bf4 a6 39. Kf2 Ke6
40. Be5 g6 41. Ke3 Kf5 42. h3 h5 43. Kf3 g5 44. g4+ hxg4+ 45. hxg4+ Ke6 46. Ke3
b5 47. Kd3 b4 48. Bc7 Kd7 49. Ba5 Kc6 50. Bxb4 Kd7 51. Ba5 Ke7 52. Kc3 1-0

[Event "Mundial Juvenil femenino 2005 s12"]
[Site "Belfort FRA"]
[Date "2005.07.24"]
[Round "6.5"]
[White "Vempati, Gayatri"]
[Black "Chen, Yidi"]
[Result "0-1"]
[WhiteElo "1599"]
[BlackElo "1599"]
[PlyCount "116"]
[EventDate "2005.07.19"]
[EventType "swiss"]
[EventRounds "11"]
[EventCountry "FRA"]
[Source "lmi"]
[SourceDate "2005.07.31"]

1. d4 Nf6 2. c4 g6 3. Nc3 Bg7 4. e4 d6 5. Nf3 O-O 6. Be2 e5 7. d5 Nbd7 8. Nd2
Ne8 9. h4 f5 10. h5 f4 11. hxg6 hxg6 12. Bg4 Ndf6 13. Bxc8 Qxc8 14. Qf3 Qg4 15.
Qxg4 Nxg4 16. Nf3 Nef6 17. Ng5 Rfc8 18. Ke2 Nd7 19. Bd2 Nh6 20. Rh3 Nf7 21. Ne6
Nf8 22. Nxg7 Kxg7 23. Rah1 Nd7 24. Rh7+ Kf8 25. g3 Nf6 26. R7h2 g5 27. gxf4
gxf4 28. f3 Ke7 29. Be1 a6 30. Bh4 Rg8 31. Kf2 Rg6 32. Rg1 Rag8 33. Rhg2 Rxg2+
34. Rxg2 Rh8 35. Rg4 Rh6 36. Bxf6+ Kxf6 37. Kg2 Ng5 38. Na4 b6 39. b4 Rh8 40.
Nb2 b5 41. c5 a5 42. cxd6 cxd6 43. Nd3 Rc8 44. bxa5 Rc2+ 45. Nf2 Rxa2 46. Rh4
Nf7 47. Rh7 Rxa5 48. Ng4+ Kg6 49. Rh1 Ra2+ 50. Nf2 Rb2 51. Rf1 Rb3 52. Nd1 Ng5
53. Rf2 b4 54. Rb2 Rxf3 55. Rxb4 Rg3+ 56. Kf2 Rh3 57. Rc4 Kh5 58. Nc3 Rxc3 0-1

[Event "Mundial Juvenil femenino 2005 s12"]
[Site "Belfort FRA"]
[Date "2005.07.24"]
[Round "6.6"]
[White "Vo, Thi Kim Phung"]
[Black "Suarez Calvo, Alexandra"]
[Result "1/2-1/2"]
[WhiteElo "1599"]
[BlackElo "1924"]
[PlyCount "65"]
[EventDate "2005.07.19"]
[EventType "swiss"]
[EventRounds "11"]
[EventCountry "FRA"]
[Source "lmi"]
[SourceDate "2005.07.31"]

1. d4 Nf6 2. c4 c5 3. d5 d6 4. Nc3 g6 5. e4 Bg7 6. f3 Na6 7. Be3 Nc7 8. Qd2 a6
9. Bh6 O-O 10. g4 e6 11. O-O-O exd5 12. Bxg7 Kxg7 13. g5 Nfe8 14. Nxd5 Nxd5 15.
Qxd5 Be6 16. Qd2 b5 17. h4 b4 18. Bd3 Qa5 19. Kb1 Nc7 20. Ne2 Nb5 21. Nc1 Nd4
22. Nb3 Nxb3 23. axb3 Qc7 24. Kc2 a5 25. Ra1 Qd7 26. Kd1 a4 27. bxa4 Rxa4 28.
Rxa4 Qxa4+ 29. Ke2 Qb3 30. Rc1 Ra8 31. Kf2 Ra2 32. Rc2 Ra1 33. Qf4 1/2-1/2

[Event "Mundial Juvenil femenino 2005 s12"]
[Site "Belfort FRA"]
[Date "2005.07.24"]
[Round "6.7"]
[White "Lakshmi, Sahiti P"]
[Black "Pereira, Amanda Marques"]
[Result "1-0"]
[WhiteElo "1984"]
[BlackElo "1599"]
[PlyCount "77"]
[EventDate "2005.07.19"]
[EventType "swiss"]
[EventRounds "11"]
[EventCountry "FRA"]
[Source "lmi"]
[SourceDate "2005.07.31"]

1. e4 c6 2. d4 d5 3. Nc3 dxe4 4. Nxe4 Nf6 5. Nxf6+ gxf6 6. g3 Bf5 7. c3 e6 8.
Bg2 Bd6 9. Nf3 Qc7 10. O-O Nd7 11. Re1 Bg6 12. a3 f5 13. c4 c5 14. dxc5 Bxc5
15. b4 Be7 16. Bf4 Qd8 17. Ne5 Nxe5 18. Bxe5 f6 19. Bb2 Qc8 20. Qa4+ Kf7 21. c5
Re8 22. c6 b5 23. Qxb5 Rb8 24. Qc4 a5 25. b5 Bd8 26. Rad1 Re7 27. a4 Bb6 28.
Ba3 Ra7 29. Rd6 Re7 30. Rdxe6 Rxe6 31. Bd5 Kg7 32. Rxe6 Bd8 33. c7 Bxc7 34.
Re7+ Kh8 35. Rxc7 Qd8 36. Be7 Qd6 37. Bxd6 f4 38. Qxf4 Rf8 39. Bxf8 1-0

[Event "Mundial Juvenil femenino 2005 s12"]
[Site "Belfort FRA"]
[Date "2005.07.24"]
[Round "6.8"]
[White "Lefevre, Margaux"]
[Black "Adamowicz, Katarzyna"]
[Result "0-1"]
[WhiteElo "1599"]
[BlackElo "1885"]
[PlyCount "85"]
[EventDate "2005.07.19"]
[EventType "swiss"]
[EventRounds "11"]
[EventCountry "FRA"]
[Source "lmi"]
[SourceDate "2005.07.31"]

1. e4 e5 2. Nf3 Nc6 3. Bc4 Bc5 4. Qe2 Nf6 5. c3 d6 6. d3 h6 7. h3 O-O 8. O-O
Bb6 9. Be3 Be6 10. Bb3 Bxb3 11. axb3 Qe7 12. Re1 Rfe8 13. Nbd2 Rad8 14. Rad1 d5
15. exd5 Nxd5 16. Bxb6 axb6 17. g3 Qd7 18. Kh2 Re6 19. Nc4 Rde8 20. Qc2 b5 21.
Na3 Rf6 22. Kg2 b4 23. Nc4 Rfe6 24. Ncd2 f5 25. c4 Nf6 26. Nf1 f4 27. N1d2 Nh5
28. Ne4 Nd4 29. Qd2 Qe7 30. Nxd4 exd4 31. g4 f3+ 32. Kxf3 Rf8+ 33. Kg2 Nf4+ 34.
Kg3 h5 35. Ra1 c5 36. Rad1 Qc7 37. Rf1 Nxd3+ 38. Kg2 Nf4+ 39. Kg3 Rxe4 40. f3
Re2 41. Qxe2 Nxe2+ 42. Kg2 Qg3+ 43. Kh1 0-1

[Event "Mundial Juvenil femenino 2005 s12"]
[Site "Belfort FRA"]
[Date "2005.07.24"]
[Round "6.9"]
[White "Vilce, Andrea"]
[Black "Messina, Roberta"]
[Result "1-0"]
[WhiteElo "1599"]
[BlackElo "1845"]
[PlyCount "72"]
[EventDate "2005.07.19"]
[EventType "swiss"]
[EventRounds "11"]
[EventCountry "FRA"]
[Source "lmi"]
[SourceDate "2005.07.31"]

1. d4 Nf6 2. c4 e6 3. Nc3 Bb4 4. Qc2 O-O 5. Nf3 d6 6. e3 Nbd7 7. Bd3 h6 8. O-O
Bxc3 9. Qxc3 b6 10. b4 Bb7 11. Nd2 c5 12. Ba3 Rc8 13. Bb2 cxb4 14. Qxb4 d5 15.
Rab1 Ba8 16. Qa4 Qc7 17. Ba3 Rfe8 18. Rfc1 Bc6 19. Qd1 Qd8 20. cxd5 Bxd5 21.
Nc4 Bxc4 22. Bxc4 Nf8 23. Bb5 Rxc1 24. Rxc1 N8d7 25. Qa4 a5 26. Bd6 e5 27. dxe5
Re6 28. Bc7 Qc8 29. exf6 Nc5 30. Qg4 g6 31. Bc4 Qxc7 32. Bxe6 fxe6 33. Qxg6+
Kf8 34. Qxh6+ Kg8 35. Rd1 Nd3 36. h3 Nxf2 1-0